Student solutions manual : (Record no. 254)
[ view plain ]
| 000 -LEADER | |
|---|---|
| fixed length control field | 00523nam a2200145 4500 |
| 020 ## - INTERNATIONAL STANDARD BOOK NUMBER | |
| ISBN | 9780072318029 |
| 050 ## - CALL NUMBER | |
| Classification number | QD31.3 |
| Item number | .C38 CHA |
| 100 ## - AUTHOR | |
| Personal name | Cruickshank, Brandon John |
| -- | Chang, Raymond |
| 245 ## - TITLE | |
| Title | Student solutions manual : |
| Remainder of title | chemistry |
| Statement of responsibility, etc | by Brandon J. Cruickshank |
| 250 ## - EDITION | |
| Edition statement | 7TH |
| 260 ## - PUBLICATION INFORMATION | |
| Place of publication | Boston, Mass. : |
| Name of publisher | McGraw-Hill, |
| Year of publication | 2005 |
| 300 ## - DESCRIPTION | |
| Number of Pages | vi, 590 pages : |
| Other physical details | illustrations ; |
| Dimensions | 28 cm |
| 650 ## - SUBJECTS | |
| Topical Term | Chemistry -- Handbooks, manuals, etc. |
| -- | Chemistry -- Problems, exercises, etc. |
| General subdivision | Chemistry. |
| 942 ## - ADDED ENTRY ELEMENTS (KOHA) | |
| Koha item type | Books |
| Withdrawn status | Lost status | Home library | Current library | Date acquired | Full call number | Accession Number | Koha item type |
|---|---|---|---|---|---|---|---|
| Methodist University Library Wenchi Faculty | Methodist University Library Wenchi Faculty | 17/10/2017 | QD31.3 .C38 CHA | 29884 | Books | ||
| Methodist University Library Wenchi Faculty | Methodist University Library Wenchi Faculty | 17/10/2017 | QD31.3 .C38 CHA | 29885 | Books | ||
| Methodist University Library Wenchi Faculty | Methodist University Library Wenchi Faculty | 17/10/2017 | QD31.3 .C38 CHA | 29886 | Books | ||
| Methodist University Library Wenchi Faculty | Methodist University Library Wenchi Faculty | 17/10/2017 | QD31.3 .C38 CHA | 29887 | Books | ||
| Methodist University Library Wenchi Faculty | Methodist University Library Wenchi Faculty | 17/10/2017 | QD31.3 .C38 CHA | 29888 | Books | ||
| Methodist University Library Wenchi Faculty | Methodist University Library Wenchi Faculty | 17/10/2017 | QD31.3 .C38 CHA | 29889 | Books | ||
| Methodist University Library Wenchi Faculty | Methodist University Library Wenchi Faculty | 17/10/2017 | QD31.3 .C38 CHA | 29890 | Books | ||
| Methodist University Library Wenchi Faculty | Methodist University Library Wenchi Faculty | 17/10/2017 | QD31.3 .C38 CHA | 29891 | Books | ||
| Methodist University Library Wenchi Faculty | Methodist University Library Wenchi Faculty | 17/10/2017 | QD31.3 .C38 CHA | 29892 | Books | ||
| Methodist University Library Wenchi Faculty | Methodist University Library Wenchi Faculty | 17/10/2017 | QD31.3 .C38 CHA | 29879 | Books | ||
| Methodist University Library Wenchi Faculty | Methodist University Library Wenchi Faculty | 17/10/2017 | QD31.3 .C38 CHA | 29880 | Books | ||
| Methodist University Library Wenchi Faculty | Methodist University Library Wenchi Faculty | 17/10/2017 | QD31.3 .C38 CHA | 29881 | Books | ||
| Methodist University Library Wenchi Faculty | Methodist University Library Wenchi Faculty | 17/10/2017 | QD31.3 .C38 CHA | 29882 | Books |